ausländische Bundesliga Rekordspieler - Statistiken

Allgemein
  • Dieses Quiz wurde 102 mal gespielt
  • Das Durchschnittsergebnis liegt bei 5 aus 25
Antwortstatistiken
Spiele Antwort % Korrekt
490 Claudio Pizarro
87%
384 Robert Lewandowski
82%
298 David Alaba
37%
322 Dede
33%
379 Makoto Hasebe
33%
336 Zé Roberto
32%
308 Bum-kun Cha
27%
358 Naldo
26%
332 Lukasz Piszczek
24%
332 Rafinha
22%
291 Yann Sommer
22%
344 Vedad Ibisevic
20%
351 Halil Altintop
14%
321 Hasan Salihamidzic
14%
290 Raffael
12%
330 Sergej Barbarez
12%
297 Marcelo Bordon
11%
372 Daniel Caligiuri
9%
318 David Jarolim
9%
301 Zvonimir Soldo
9%
299 Jonathan Schmid
4%
323 Ole Björnmose
2%
310 Pablo Thiam
2%
351 Levan Kobiashvili
1%
302 Steven Cherundolo
1%
Keine übereinstimmenden Quizze gefunden
Verteilung der Resultate
Anzahl Personen mit jedem Resultat
Perzentil nach korrekt beantworteten Fragen
Ihre Resultats-Entwicklung
Sie haben dieses Quiz noch nicht gespielt